Personnalités nées dans le Calvados par images - Statistiques

Statistiques générales
  • Ce quiz a été pris 89 fois
  • Le résultat moyen est 5 sur 16
Statistiques - réponses
Par images Réponse % Correct
Michel Drucker
96%
Gilles Lellouche
63%
Nicolas Batum
61%
Benoît Costil
58%
Gérard Lenorman
50%
Georges Marchais
43%
Guillaume le Conquérant
43%
Stéphane Guy
33%
Alain Duhamel
21%
Gabin Villière
16%
François de Malherbe
12%
Anaïs Bescond
11%
Francis Letellier
9%
Marie-Agnès Gillot
5%
Eugène Boudin
1%
Kévin Azaïs
1%
Aucun quiz correspondant
Distribution des résultats
% des personnes avec chaque résultat
Percentile par nombre de réponses
Votre historique - résultats
Vous n’avez pas pris ce quiz